ENJOY WORK AND GET FUN OUT OF LIFE (Record no. 357273)

MARC details
000 -LEADER
fixed length control field 004080000a22001570004500
005 - DATE AND TIME OF LATEST TRANSACTION
control field 20120302062637.0
040 ## - CATALOGING SOURCE
Original cataloging agency ENG
100 ## - MAIN ENTRY--PERSONAL NAME
Personal name DR. BATTISRA A.O.
245 ## - TITLE STATEMENT
Title ENJOY WORK AND GET FUN OUT OF LIFE
250 ## - EDITION STATEMENT
Edition statement 4TH
260 ## - PUBLICATION, DISTRIBUTION, ETC. (IMPRINT)
Place of publication, distribution, etc ALLAHABAD: NETTER YOURSELF BOOKS
300 ## - PHYSICAL DESCRIPTION
Extent 207P.
365 ## - TRADE PRICE
Price amount RS.4.50
650 ## - SUBJECT ADDED ENTRY--TOPICAL TERM
Topical term or geographic name as entry element SANKIRNA / SELF IMPROVEMENT/ POSITIVE ATTITUDE/ WORK/ FATIGUE
942 ## - ADDED ENTRY ELEMENTS (KOHA)
Koha item type Book
Holdings
Withdrawn status Lost status Damaged status Not for loan Home library Current library Date acquired Total Checkouts Barcode Date last seen Price effective from
        Institute For Oriental Study, Thane Institute For Oriental Study, Thane 12/02/2009   IOS-E 18329 12/02/2009 12/02/2009